000
00338nam a2200145Ia 4500
008
191201s2012 xx 000 0 und d
082
_a
621.8
_b
KHT
100
_a
KHURMI, R S
245
0
_a
Theory of Machines
250
_a
1st
260
_a
N.Delhi
_b
S Chand and Co. Ltd.
_c
2012
300
_a
1071
650
_a
B.Tech(ME)
942
_2
ddc
_c
BK
999
_c
863
_d
863